| 000 | 00719cam a2200229 a 4500 | ||
|---|---|---|---|
| 001 | 000019097 | ||
| 005 | 20200929165924.0 | ||
| 008 | 840920s1922 sp 000 0 spa d | ||
| 040 |
_aDO-SdBNP _bspa _cLC _dBNPHU |
||
| 082 |
_a920.046 _bQ77v |
||
| 100 | 1 |
_aQuintana, Manuel José, _d1772-1857. _922412 |
|
| 245 | 1 | 0 |
_aVidas de los españoles celebres / _cM. J. Quintana. |
| 260 |
_aMadrid, (España) : _bCalpe, _c1922. |
||
| 300 |
_av. ; _c16 cm. |
||
| 490 | 1 | _aUniversal | |
| 500 | _aLa biblioteca sólo posee el tomo 5. | ||
| 600 | 1 | 4 |
_aFRAY BARTOLOMÉ DE LAS CASAS _d1484-1566 _941096 |
| 651 | 4 |
_aEspaña _xBiografias _98185 |
|
| 830 | 0 |
_aUniversal _924753 |
|
| 910 | _aCatalogación derivada / LC | ||
| 049 | _aBNGR | ||
| 999 |
_c18615 _d18615 |
||